Normal view
MARC view
- Shahzad Ul Hassan Amir
Entry Personal Name
001 - CONTROL NUMBER
- control field: 48263
003 - CONTROL NUMBER IDENTIFIER
- control field: NUST
005 - DATE AND TIME OF LATEST TRANSACTION
- control field: 20210314134019.0
008 - FIXED-LENGTH DATA ELEMENTS
- fixed length control field: 210314|| aca||aabn | a|a d
040 ## - CATALOGING SOURCE
- Original cataloging agency: NUST
- Transcribing agency: NUST
100 ## - HEADING--PERSONAL NAME
- Personal name: Shahzad Ul Hassan Amir
670 ## - SOURCE DATA FOUND
- Source citation: Work cat.: (NUST): Daulat Ali 47668, Comparative Study of Silica Fume, Fly Ash and Cement Mixes for Producation of High Strength Concrete, 28-05-2013
